Żeńskie Imiona na literę M - Statystyki

Ogólne statystyki
  • Ten quiz został rozwiązany 1 751 razy
  • Średni wynik to 14 z 44
Statystyki odpowiedzi
Imiona % Poprawnych
Magda
82%
Maria
82%
Monika
78%
Marta
72%
Maja
69%
Martyna
67%
Magdalena
65%
Milena
63%
Małgorzata
61%
Miroslawa
58%
Michalina
55%
Marianna
50%
Marcelina
49%
Marlena
49%
Marzena
48%
Malwina
46%
Mariola
42%
Matylda
41%
Melania
33%
Mieczysław
31%
Marika
29%
Marysia
24%
Mira
21%
Maryla
20%
Marzanna
16%
Mila
15%
Marcela
13%
Marcjanna
11%
Masza
10%
Maryna
9%
Manuela
8%
Margaret
7%
Mija
6%
Miranda
6%
Mara
5%
Marita
5%
Maneta
3%
Mirabela
3%
Manfreda
2%
Michaela
2%
Mirona
2%
Małomira
1%
Mirogniewa
1%
Miłoswała
0%
Nie znaleziono quizów pasujących do podanych kryteriów
Rozkład punktacji
Procent ludzi z każdym wynikiem
Percentyl według liczby udzielonych odpowiedzi
Twoja historia wyników
Nie rozwiązałeś tego quizu